Movies Quiz

Random Movies or Clickable Quiz
Score 0/20 Timer 05:00
4 Plays Today
% Correct
The Social Network
97.3%
Up
97.1%
Life of Pi
96%
School of Rock
95.4%
Groundhog Day
95.3%
Forrest Gump
95%
Air Force One
94%
The Shawshank Redemption
92.2%
Kung Fu Panda
91.9%
Inception
91.2%
% Correct
Speed
89.5%
Birdman
89%
The Hangover
88.5%
Mad Max: Fury Road
88.3%
Catch Me If You Can
87.1%
Jerry Maguire
84.4%
Misery
78.8%
The Negotiator
71.5%
Zootopia
60.6%
The Rock
55.2%

You're not logged in!

Compare scores with friends on all Sporcle quizzes.
OR
Log In

Sporcle TV

Today on Sporcle TV


Watch our educational content, quiz creation guides, and fun videos on Sporcle TV.

Show Comments

Extras

Top Quizzes Today


Score Distribution

Paid Content

Your Account Isn't Verified!

In order to create a playlist on Sporcle, you need to verify the email address you used during registration. Go to your Sporcle Settings to finish the process.

Report this User

Report this user for behavior that violates our Community Guidelines.

Details: